| 000 | 00379nam a2200145Ia 4500 | ||
|---|---|---|---|
| 008 | 151213s9999 xx 000 0 und d | ||
| 100 | _aErmost Goldstain | ||
| 245 |
_aUnderstanding & Greeting Arts _cErmost Goldstain |
||
| 260 |
_aNew Yeork _bWest Publication _c1992 |
||
| 300 | _a2069 p. | ||
| 650 | _aArts | ||
| 650 | _aReference | ||
| 700 | _aErmost Goldstain | ||
| 999 |
_c1520 _d1520 |
||